<?xml version="1.0" encoding="UTF-8"?>
<collection xmlns="http://www.loc.gov/MARC21/slim">
<record>
  <controlfield tag="001">206</controlfield>
  <datafield tag="037" ind1=" " ind2=" ">
    <subfield code="a">WAYITWAS-2004-207</subfield>
  </datafield>
  <datafield tag="041" ind1=" " ind2=" ">
    <subfield code="a">eng</subfield>
  </datafield>
  <datafield tag="100" ind1=" " ind2=" ">
    <subfield code="a">Goerke-Shrode, Sabine</subfield>
  </datafield>
  <datafield tag="245" ind1=" " ind2=" ">
    <subfield code="a">Misfortune bedevils early Vaca family</subfield>
  </datafield>
  <datafield tag="260" ind1=" " ind2=" ">
    <subfield code="c">2004-03-07</subfield>
  </datafield>
  <datafield tag="520" ind1=" " ind2=" ">
    <subfield code="a">My last column talked about the challenges Luzena Stanley Wilson and Mason Wilson faced during their first year in Vaca Valley. The information is based on Luzena's memoirs and the research by Fern Henry in her new book "My checkered Life: Luzena Stanley Wilson in Early California." 
</subfield>
  </datafield>
  <datafield tag="856" ind1="0" ind2=" ">
    <subfield code="f">vacahc@gmail.com</subfield>
  </datafield>
  <datafield tag="088" ind1=" " ind2=" ">
    <subfield code="a">207</subfield>
  </datafield>
  <datafield tag="980" ind1=" " ind2=" ">
    <subfield code="a">00099802378</subfield>
  </datafield>
  <datafield tag="650" ind1="1" ind2="7">
    <subfield code="a">Publication/Article</subfield>
  </datafield>
  <datafield tag="040" ind1=" " ind2=" ">
    <subfield code="a">CaVaHC</subfield>
  </datafield>
  <datafield tag="856" ind1="4" ind2=" ">
    <subfield code="u">http://www.solanoarticles.com/history/index.php/vhcdb/207/</subfield>
    <subfield code="z">Read Article</subfield>
  </datafield>
  <datafield tag="856" ind1="4" ind2=" ">
    <subfield code="u">http://www.solanohistory.net/articles/207/207.1.pdf</subfield>
    <subfield code="z">PDF Document</subfield>
  </datafield>
</record>
</collection>